00805nam a2200241 a 450000100060000000300080000600500170001400800410003103500190007203500190009104000300011004100080014004200120014808200220016010000400018224500440022226000490026630000290031565000550034494200120039999900170041195201350042876488BD-RjUL20211209082841.0191211r19541952nyua 000 0 eng  a(BD-RjUL)76710 a(OCoLC)2635067 aDLCcOTUdOCoLCdDLCbeng aeng apremarc 223a808bWAA 19541 aWatt, William Whyte,d1912-923631613aAn American rhetoric /cWilliam W. Watt aNew York :bRinehart,cc1952 [printing 1954] a440 p.:billus.;c21 cm. 0aEnglish languagezUnited StatesxRhetoric.9236317 2ddccBK c76488d76488 00102ddc40718NFICaRUCLbRUCLcReadingd1969-10-01eAsia Foundationl0o808 WAA 1954r2019-12-11 00:00:00tC-1w2019-12-11yBK